| 000 | 01695nam a22002537a 4500 | ||
|---|---|---|---|
| 999 |
_c59558 _d59558 |
||
| 003 | Ge_BSU | ||
| 005 | 20230314161736.0 | ||
| 008 | 230314s2005 ge ||||| |||| 00| 0 geo d | ||
| 020 | _a9994002244 | ||
| 041 | _ageo | ||
| 080 | _a342.7 კ–77 | ||
| 100 |
_aკორკელია, კონსტანტინე _9539 |
||
| 245 |
_aსაქართველოს კანონმდებლობის შესაბამისობა ადამიანის უფლებათა ევროპული კონვენციისა და მისი ოქმების სტანდარტებთან / _cკონსტანტინე კორკელია, ნანა მჭედლიძე, ალექსანდრე ნალბანდოვი ; ევროპის საბჭოს საინფორმ. ბიურო საქართველოში. |
||
| 264 |
_aთბილისი, _c2005. |
||
| 300 |
_a559 გვ. ; _b24 სმ. |
||
| 500 | _aტექსტი ქართ. და ინგლ. ენ. | ||
| 504 | _a ბიბლიოგრ. ტექსტ. შენიშვნ. | ||
| 653 | _aსაქართველოს კანონმდებლობა | ||
| 653 | _aადამიანის ძირითადი უფლებები | ||
| 653 | _aადამიანის უფლებათა ევროპული კონვენცია | ||
| 700 |
_aმჭედლიძე, ნანა _eავტორი _910128 |
||
| 700 |
_aნალბანდოვი, ალექსანდრე _eავტორი _910129 |
||
| 942 |
_2udc _cBK |
||